Intermediate programming using C / (Record no. 108)

MARC details
000 -LEADER
fixed length control field 00921nam a22002897a 4500
003 - CONTROL NUMBER IDENTIFIER
control field OSt
005 - DATE AND TIME OF LATEST TRANSACTION
control field 20250811065706.0
008 - FIXED-LENGTH DATA ELEMENTS--GENERAL INFORMATION
fixed length control field 240604b |||||||| |||| 00| 0 eng d
020 ## - INTERNATIONAL STANDARD BOOK NUMBER
International Standard Book Number 9786218122260
040 ## - CATALOGING SOURCE
Original cataloging agency DWCL-Main lib
Transcribing agency OC
082 ## - DEWEY DECIMAL CLASSIFICATION NUMBER
Classification number Fil. 005.133 In61 2019
006 - FIXED-LENGTH DATA ELEMENTS--ADDITIONAL MATERIAL CHARACTERISTICS
fixed length control field a
100 ## - MAIN ENTRY--PERSONAL NAME
Personal name Cua, Marissa G.
245 ## - TITLE STATEMENT
Title Intermediate programming using C /
Statement of responsibility, etc. Marissa G. Cua [and four others]
250 ## - EDITION STATEMENT
Edition statement 1st edition
260 ## - PUBLICATION, DISTRIBUTION, ETC.
Place of publication, distribution, etc. Malabon City, Philippines :
Name of publisher, distributor, etc. Jimezyville Publications,
Date of publication, distribution, etc. c2019.
300 ## - PHYSICAL DESCRIPTION
Extent viii, 100 pages :
Other physical details illustrations ;
Dimensions 26cm.
650 ## - SUBJECT ADDED ENTRY--TOPICAL TERM
Topical term or geographic name entry element 1. Intermediate C programming.
650 ## - SUBJECT ADDED ENTRY--TOPICAL TERM
Topical term or geographic name entry element 2. C (Computer program language).
700 ## - ADDED ENTRY--PERSONAL NAME
Personal name Cruz, Edward N.
700 ## - ADDED ENTRY--PERSONAL NAME
Personal name Roque, Sonny C.
700 ## - ADDED ENTRY--PERSONAL NAME
Personal name Calim, Jeffrey F.
700 ## - ADDED ENTRY--PERSONAL NAME
Personal name Velasco, Londren U.
700 ## - ADDED ENTRY--PERSONAL NAME
Personal name Oreto, Christopher P.
700 ## - ADDED ENTRY--PERSONAL NAME
Personal name Montano, Gabriel Emanuel L.
942 ## - ADDED ENTRY ELEMENTS (KOHA)
Source of classification or shelving scheme Dewey Decimal Classification
Koha item type Book-Filipiniana
Call number prefix Fil.
Suppress in OPAC No
Edition 1st edition
Holdings
Withdrawn status Lost status Source of classification or shelving scheme Damaged status Not for loan Home library Current library Shelving location Date acquired Source of acquisition Cost, normal purchase price Total Checkouts Full call number Barcode Date last seen Copy number Price effective from Koha item type Uniform Resource Identifier
    Dewey Decimal Classification     College Library College Library Filipiniana 01/20/2024 School Fund 250.00   Fil. 005.133 In61 2019 CL54012 06/04/2024 c1 06/04/2024 Book-Filipiniana